Data communications and computer networks / (Record no. 81332)

MARC details
000 -LEADER
fixed length control field 00656nam a22002057a 4500
005 - DATE AND TIME OF LATEST TRANSACTION
control field 20140102104945.0
010 ## - LCCN (DPL NO)
LC control number ENG-108926
020 ## - INTERNATIONAL STANDARD BOOK NUMBER
International Standard Book Number 9788120348646
Terms of availability 495.00
035 ## - SYSTEM CONTROL NUMBER
System control number EN-92459
037 ## - SOURCE OF ACQUISITION
Source of stock number/acquisition DBAD/PUB
082 ## - DEWEY DECIMAL CLASSIFICATION NUMBER
Classification number 004.6
100 ## - MAIN ENTRY--PERSONAL NAME
Personal name Gupta, Prakash C.
245 ## - TITLE STATEMENT
Title Data communications and computer networks /
Statement of responsibility, etc by Prakash C. Gupta
250 ## - EDITION STATEMENT
Edition statement 2th ed
260 ## - PUBLICATION, DISTRIBUTION, ETC. (IMPRINT)
Place of publication, distribution, etc New Delhi
Name of publisher, distributor, etc PHI Learning
Date of publication, distribution, etc 2014
270 ## - ADDRESS
Address Rimjhim House,111, Patparganj Industrial Estate,
City New Delhi
Postal code 110092
300 ## - PHYSICAL DESCRIPTION
Extent xxvii,848p. :
Dimensions 24cm(pbk)
Other physical details ill.
500 ## - GENERAL NOTE
General note Includes bibliographical references and index
942 ## - ADDED ENTRY ELEMENTS (KOHA)
Source of classification or shelving scheme Dewey Decimal Classification
Item type English Books
Call number suffix GUP
Classification part 004.6
Holdings
Withdrawn status Lost status Not for loan Collection code Home library Current library Date acquired Source of acquisition Cost, normal purchase price Full call number Barcode Copy number Cost, replacement price Koha item type
    Not For Loan Non-fiction D.B.Act.Division D.B.Act.Division 19/12/2013 DBAD/PUB 495.00 004.6 GUP EN-92459 1 495.00 English Books

© Delhi Public Library
Hit Counter
free hit counter